Normal view
MARC view
Entry Topical Term
001 - CONTROL NUMBER
- control field: 48029
003 - CONTROL NUMBER IDENTIFIER
- control field: ARRUPE
005 - DATE AND TIME OF LATEST TRANSACTION
- control field: 20190904102037.0
008 - FIXED-LENGTH DATA ELEMENTS
- fixed length control field: 190904|| aca||aabn | a|a d
040 ## - CATALOGING SOURCE
- Original cataloging agency: ARRUPE
- Transcribing agency: ARRUPE
150 ## - HEADING--TOPICAL TERM
- Topical term or geographic name as entry element: Virtue ethics
670 ## - SOURCE DATA FOUND
- Source citation: Work cat.: (ARRUPE): Herderschee-Hunter, Gabrielle 48028, An exploration of what it means to live well and die peacefully in contemporary Zimbabwe, 2017